000 00690nam a2200229 a 4500
001 16552
003 CO-ViMGA
008 141112s2004 ck r 000 u spa d
020 _a8888405062
040 _aCO-ViMGA
_bspa
_cCO-ViMGA
082 0 4 _aEMNc
100 1 _aEnna, Francesco
_923609
245 1 0 _aCuentos junto a la lumbre :
_bHistorias y leyendas de Cerdeña
260 _aCesena (Italia) :
_bBrighieventuri,
_c2002
300 _a62.p.
490 _aUn mar de sueños
590 _aForma de adquisición : Premio - Mincultura
650 1 4 _aCERDEÑA - HISTORIAS
_923610
650 1 4 _aCUENTOS ITALIANOS INFANTILES
_923611
650 1 4 _aLEYENDAS ITALIANAS
_923612
942 _2ddc
_cBK
999 _c26349
_d26349